00934nam a2200217Ia 4500003000400000005001700004008004100021020001800062040002100080041000800101082002400109100004600133245010800179250002200287260005900309300002900368505025500397650002000652650003000672650001400702OSt20210108175509.0191128s2010 ck fr 000 0 spa d a9789587104806 aCO-JMCRcCO-JMCR0 aspa04a343.04 /bP695c2231 aPiza Rodríguez, Julio Roberto, eeditor10aCurso de derecho tributario, procedimiento y régimen sancionatorio / cJulio Roberto Piza Rodríguez aPrimera edición aBogotá : bUniversidad Externado de Colombia, c2010 a873 páginas ; c24 cm.0 aDerecho tributario: concepto fundamental de su autonomía científica -- El poder tributario: organización estructura en el Estado Colombiano -- Los principios constitucionales del sistema tributario -- El sistema normativo del derecho tributario14aDerecho fiscal 14aProcedimiento tributario 14aSanciones